Komparácia finančnej gramotnosti študentov ekonomických vysokých škôl so študentami iných zameraní bakalárska práca

Gespeichert in:
Bibliographische Detailangaben
1. Verfasser: Kravčák, Daniel
Körperschaft: Národohospodárska fakulta EU. Katedra poisťovníctva
Weitere Verfasser: Krupová, Patrícia, 1999-
Format: Buch
Sprache:Slowakisch
Veröffentlicht: Bratislava 2025
Tags: Tag hinzufügen
Keine Tags, Fügen Sie das erste Tag hinzu!

MARC

LEADER 00000nbm a2200000 4500
001 0309357
005 20251021095323.3
041 0 |a slo 
044 |a SK 
245 1 0 |a Komparácia finančnej gramotnosti študentov ekonomických vysokých škôl so študentami iných zameraní  |b bakalárska práca  |c Daniel Kravčák ; školiteľ: Patrícia Krupová 
264 1 |a Bratislava  |c 2025 
300 |a 48 s. 
100 1 |a Kravčák, Daniel 
700 1 |a Krupová, Patrícia, 1999- 
710 2 |a Národohospodárska fakulta EU. Katedra poisťovníctva